An introduction to the study of enzymes

Salvato in:
Dettagli Bibliografici
Autore principale: Gutfreund, H (Autore)
Natura: Libro
Lingua:inglese
Pubblicazione: Oxford Blackwell Scientific Publishing 1965
Soggetti:
Tags: Aggiungi Tag
Nessun Tag, puoi essere il primo ad aggiungerne!!

MARC

LEADER 00000nam a2200000 a 4500
001 UCR5322
003 CL-VaPUC
008 980327e19650000UK |||||||||||||||||eng|d
082 0 4 |a 572.7  |b GUT  |2 21 
100 |a Gutfreund, H  |e author  |9 406094 
245 1 3 |a An introduction to the study of enzymes 
300 |a 335 p 
942 |c BK 
945 |d 19980327 00:00:00  |a crobeson 
260 |a Oxford  |b Blackwell Scientific Publishing  |c 1965 
650 7 |a ENZIMOLOGIA  |2 CL-VaPUC  |9 263051 
650 0 |a Enzimas  |9 262984 
650 0 |a Bioquímica   |9 259492 
650 7 |a FENOMENOS BIOQUIMICOS  |2 CL-VaPUC  |9 360969 
650 0 |a Catálisis  |9 259915 
583 |a last modification  |c 19980327 00:00:00  |k Rodrigo Vera 
999 |c 267937  |d 267935 
952 |0 0  |1 0  |4 0  |6 572_700000000000000_GUT_1965  |7 0  |8 A  |9 300773  |a BIBALI  |b BIBALI  |c GEN  |d 2019-11-20  |i 1973142  |o 572.7 GUT 1965  |p 1973142  |r 2025-01-20  |w 2019-11-20  |y BK  |k ALI